[Event "Open Qualificatif Salon"]
[Site "?"]
[Date "2006.05.13"]
[Round "8"]
[White "Brunie, Luce"]
[Black "Dufresne, Ali"]
[Result "1-0"]
[WhiteElo "1420"]
[BlackElo "1160"]
[PlyCount "87"]
[EventDate "2006.01.20"]
[SourceDate "2005.12.04"]

1. e4 Nf6 2. Nc3 c5 3. e5 Ng8 4. f4 e6 5. Nf3 f6 6. Bc4 a6 7. a3 d6 8. O-O f5
9. d3 Nc6 10. Be3 Nh6 11. Qe1 Be7 12. Rd1 d5 13. Qg3 Ng4 14. Bc1 d4 15. Ne2 Bd7
16. h3 h5 17. hxg4 hxg4 18. Qe1 Qc7 19. Ng5 O-O-O 20. Bxe6 Bxg5 21. Bxd7+ Qxd7
22. fxg5 g6 23. Ng3 Qh7 24. Kf2 Qg7 25. Bf4 Rde8 26. Rh1 Ne7 27. Rxh8 Qxh8 28.
Qa5 Nd5 29. Qxc5+ Nc7 30. e6 Qg7 31. Be5 Qe7 32. Qxe7 Rxe7 33. Bxd4 Rxe6 34.
Ne2 Nd5 35. c4 Ne7 36. Nf4 Rd6 37. Bf6 Ng8 38. Nxg6 Nxf6 39. gxf6 Rxf6 40. Nf4
Rd6 41. Kg3 Rd4 42. Rh1 Kc7 43. Ne6+ Kb6 44. Nxd4 1-0

[Event "Open Qualificatif Salon"]
[Site "?"]
[Date "2006.06.03"]
[Round "9"]
[White "Guyard, Gerard"]
[Black "Nari, Damien"]
[Result "1/2-1/2"]
[WhiteElo "1490"]
[BlackElo "1697"]
[PlyCount "54"]
[EventDate "2006.01.20"]
[SourceDate "2005.12.04"]

1. d4 d5 2. c4 e6 3. Bf4 Nf6 4. e3 Be7 5. Bd3 O-O 6. Nc3 c5 7. Nf3 cxd4 8. exd4
dxc4 9. Bxc4 a6 10. O-O b5 11. Bd3 Bb7 12. a3 Nc6 13. Rc1 Kh8 14. Be2 Qb6 15.
Qd3 Rfd8 16. Be3 Nd5 17. Rfd1 Bf6 18. Ng5 Bxg5 19. Bxg5 f6 20. Be3 Rac8 21. Ne4
Nxe3 22. fxe3 Ne5 23. Qb1 Nc4 24. Bxc4 Bxe4 25. Qxe4 bxc4 26. Qc2 Qb5 27. b4 g6
1/2-1/2

[Event "Open Qualificatif Salon"]
[Site "?"]
[Date "2006.06.03"]
[Round "9"]
[White "Alard, Francis"]
[Black "Regaud, Denis"]
[Result "1/2-1/2"]
[WhiteElo "1710"]
[BlackElo "1690"]
[PlyCount "55"]
[EventDate "2006.01.20"]
[SourceDate "2005.12.04"]

1. e4 c5 2. d4 cxd4 3. c3 d3 4. Bxd3 Nc6 5. Nf3 d6 6. O-O Nf6 7. h3 e6 8. Re1
Be7 9. Nbd2 a6 10. Nb3 O-O 11. Bf4 e5 12. Bh2 h6 13. Qe2 Be6 14. Nbd2 Rc8 15.
Bc4 Bxc4 16. Nxc4 Re8 17. Rad1 Qc7 18. Ncd2 Na5 19. Nh4 Nc4 20. Nxc4 Qxc4 21.
Nf5 Qxa2 22. Nxe7+ Rxe7 23. Rxd6 Ree8 24. Bxe5 Rxe5 25. Rxf6 Rce8 26. Qg4 Qxb2
27. Rf3 Qd2 28. Rfe3 1/2-1/2

[Event "Open Qualificatif Salon"]
[Site "?"]
[Date "2006.06.03"]
[Round "9"]
[White "Dufresne, Said"]
[Black "Porte, Jacques"]
[Result "1-0"]
[WhiteElo "1480"]
[BlackElo "1640"]
[PlyCount "109"]
[EventDate "2006.01.20"]
[SourceDate "2005.12.04"]

1. Nf3 c5 2. c4 Nf6 3. Nc3 e6 4. g3 Nc6 5. e3 Be7 6. b3 d6 7. Bg2 O-O 8. O-O a6
9. Bb2 e5 10. Ng5 Ng4 11. Nf3 Nf6 12. Ng5 h6 13. Nge4 Be6 14. Nxf6+ Bxf6 15.
Ne4 Be7 16. Nc3 Qd7 17. Nd5 Bd8 18. f4 Bxd5 19. Bxd5 Nb4 20. Bf3 Bf6 21. fxe5
dxe5 22. Bg4 Qd6 23. Bf5 Rad8 24. Bc3 Rfe8 25. a3 Nc6 26. Rf2 Bg5 27. Qf3 Bf6
28. Be4 Rd7 29. Raf1 Nd8 30. Qf5 b6 31. Qh7+ Kf8 32. b4 Ke7 33. Qf5 Rf8 34. Bd5
Ke8 35. bxc5 bxc5 36. Ba5 Nc6 37. Bc3 Ne7 38. Qd3 Nxd5 39. cxd5 Qxd5 40. Qxa6
Rd6 41. Qa7 Rd7 42. Qa4 Ke7 43. Rb1 Ra8 44. Qb3 Raa7 45. Qxd5 Rxd5 46. e4 Rd6
47. Rb5 Rc6 48. Ra5 Rxa5 49. Bxa5 Ra6 50. Bc3 Rxa3 51. h4 h5 52. Kf1 Ke6 53.
Ke2 Bd8 54. Rf5 f6 55. Rxh5 1-0

[Event "Open Qualificatif Salon"]
[Site "?"]
[Date "2006.06.03"]
[Round "9"]
[White "Briquet, Xavier"]
[Black "Charrier, Patrick"]
[Result "1/2-1/2"]
[WhiteElo "1490"]
[BlackElo "1380"]
[PlyCount "136"]
[EventDate "2006.01.20"]
[SourceDate "2005.12.04"]

1. e4 c5 2. Nf3 d6 3. Bc4 e6 4. c3 Nf6 5. d3 a6 6. b4 d5 7. exd5 Nxd5 8. bxc5
Bxc5 9. d4 Be7 10. Ne5 O-O 11. Qg4 Bf6 12. Bh6 Qc7 13. Bxd5 exd5 14. Qg3 Re8
15. Bf4 Nc6 16. O-O Be6 17. Ng4 Qd8 18. Nxf6+ Qxf6 19. Nd2 h6 20. Nf3 g5 21.
Bd2 Qg6 22. Rfe1 Rac8 23. h4 g4 24. Ne5 Nxe5 25. Rxe5 f6 26. Re2 Bf5 27. Rxe8+
Rxe8 28. Re1 Rxe1+ 29. Bxe1 Qg7 30. Qb8+ Kh7 31. Qd6 Qf7 32. Bd2 h5 33. Qf4 Qg6
34. Qc7+ Qg7 35. Qd6 Qf7 36. Qf4 Bd3 37. Qh6+ Kg8 38. Qe3 Bc4 39. a3 Kf8 40. f3
gxf3 41. Qxf3 Qg6 42. Kh2 f5 43. Bg5 Bb5 44. Qxd5 Bc6 45. Qd8+ Kg7 46. Qe7+ Kg8
47. Qd8+ Kg7 48. d5 Bb5 49. d6 Qe6 50. Bf4 Bc6 51. Qg5+ Qg6 52. Be5+ Kf7 53.
Qe7+ Kg8 54. Qd8+ Kf7 55. g3 f4 56. Qe7+ Kg8 57. Qg5 Qxg5 58. hxg5 fxg3+ 59.
Kxg3 Kh7 60. Bf6 Bd7 61. Kf4 Kg6 62. c4 h4 63. Kf3 h3 64. Kg3 Kh5 65. c5 Kg6
66. Kh2 Kh5 67. Be7 Kg6 68. Bf6 Kh5 1/2-1/2

[Event "Open Qualificatif Salon"]
[Site "?"]
[Date "2006.06.03"]
[Round "9"]
[White "Scharff, Georges"]
[Black "Jullien, Patrick"]
[Result "1/2-1/2"]
[WhiteElo "1630"]
[BlackElo "1680"]
[PlyCount "29"]
[EventDate "2006.01.20"]
[SourceDate "2005.12.04"]

1. e4 e5 2. Nf3 Nc6 3. Bb5 a6 4. Ba4 Nf6 5. O-O Be7 6. Bxc6 dxc6 7. Nxe5 Qd4 8.
Nf3 Qxe4 9. Re1 Qg6 10. Qe2 Be6 11. Ne5 Qf5 12. d4 O-O 13. Be3 Nd5 14. c3 Bd6
15. Nf3 1/2-1/2

[Event "Open Qualificatif Salon"]
[Site "?"]
[Date "2006.06.03"]
[Round "9"]
[White "Brunie, Luce"]
[Black "Marcou, Thomas"]
[Result "1-0"]
[WhiteElo "1310"]
[BlackElo "1400"]
[PlyCount "43"]
[EventDate "2006.01.20"]
[SourceDate "2005.12.04"]

1. e4 e5 2. f4 exf4 3. Nf3 Nc6 4. d4 Nf6 5. Nc3 Bb4 6. Bd3 O-O 7. O-O d6 8.
Bxf4 Bg4 9. Ne2 Bxf3 10. Rxf3 Re8 11. Bg5 d5 12. Bxf6 gxf6 13. c3 dxe4 14. Rg3+
Kf8 15. Bb5 Bd6 16. Rh3 Kg8 17. Bxc6 bxc6 18. Qf1 Rb8 19. Qf5 Rxb2 20. Qxh7+
Kf8 21. Qh6+ Kg8 22. Qh8# 1-0